Normal view
MARC view
- Dr. Naveed Iqbal Rao
Entry Personal Name
001 - CONTROL NUMBER
- control field: 35093
003 - CONTROL NUMBER IDENTIFIER
- control field: NUST
005 - DATE AND TIME OF LATEST TRANSACTION
- control field: 20201110155738.0
008 - FIXED-LENGTH DATA ELEMENTS
- fixed length control field: 201110|| aca||aabn | a|a d
040 ## - CATALOGING SOURCE
- Original cataloging agency: NUST
- Transcribing agency: NUST
100 ## - HEADING--PERSONAL NAME
- Personal name: Dr. Naveed Iqbal Rao
670 ## - SOURCE DATA FOUND
- Source citation: Work cat.: (NUST): Kausar, Anbreen 35091, Automatic Detection of Isolated Airstrips in Satellite Images, 2014.
